| 000 | 00648nam a2200253Ia 4500 | ||
|---|---|---|---|
| 003 | OSt | ||
| 005 | 20221005041903.0 | ||
| 006 | a|||||r|||| 00| 0 | ||
| 007 | ta | ||
| 008 | 221004b |||||||| |||| 00| 0 urd d | ||
| 020 | _c2.75 | ||
| 024 | _a3929 | ||
| 037 | _cTextual | ||
| 040 |
_aCRL _cCRL _burd |
||
| 041 |
_2urd _aurd |
||
| 082 | _aO168,8N112x, K6 | ||
| 100 | _aPasha Ahmad Jamal Au. | ||
| 245 | 0 | _aMajaz Ke Lateefe | |
| 260 |
_aDelhi _bShahra India _c1966 |
||
| 300 |
_a143p. _ccm. |
||
| 650 | _aURDU SATIRE | ||
| 942 |
_hO168,8N112x, K6 _cTEXL _2cc |
||
| 999 |
_c949216 _d949216 |
||